[Event "DRUGA LIGA SRBIJE-GRUPA VOJVODINA-2019."]
[Site "Kovacica"]
[Date "2019.11.04"]
[Round "5"]
[Board "5"]
[White "Kovacevic, Vladimir M"]
[Black "Lorinc, Sandor"]
[Result "0-1"]
[WhiteElo "2066"]
[BlackElo "2157"]
[PlyCount "102"]
[EventDate "2019.11.01"]
[EventType "team"]
[EventRounds "11"]
[EventCountry "SRB"]
[WhiteTeam "SK Mladenovo Mladenovo"]
[BlackTeam "SK Senta Senta"]

1. e4 c5 2. Nf3 e6 3. c3 d5 4. exd5 Qxd5 5. d4 Nf6 6. Be2 Be7 7. O-O O-O 8.
dxc5 Qxc5 9. Be3 Qc7 10. Nbd2 Ng4 11. Nb3 Nxe3 12. fxe3 Nc6 13. Bd3 e5 14. Be4
f5 15. Bxc6 bxc6 16. Qe2 a5 17. Qc4+ Kh8 18. Nc5 Rf6 19. Ng5 h6 20. Nf3 Bd6 21.
g3 e4 22. Ne1 Rb8 23. Rf2 Rb5 24. b4 Bxc5 25. bxc5 Qe7 26. Rd1 Rf8 27. Rd6 Rb1
28. Rf1 f4 29. exf4 e3 30. Nf3 Rb2 31. Ne5 Bf5 32. Re1 Qb7 33. g4 Rb1 34. Rdd1
Qb2 35. Rxb1 Bxb1 36. Qe2 Qxe2 37. Rxe2 Rxf4 38. Re1 Re4 39. Nf7+ Kg8 40. Nxh6+
gxh6 41. Rxb1 Rxg4+ 42. Kf1 Rc4 43. Rc1 Rxc5 44. Ke2 Rh5 45. Rg1+ Kf7 46. Rg2
Rh3 47. c4 Kf6 48. a4 Kf5 49. Kd3 c5 50. Rb2 e2+ 51. Kxe2 Rxh2+  0-1

[Event "DRUGA LIGA SRBIJE-GRUPA VOJVODINA-2019."]
[Site "Kovacica"]
[Date "2019.11.04"]
[Round "5"]
[Board "6"]
[White "Simonyi, Zoltan"]
[Black "Mladenovic, Dusan"]
[Result "1/2-1/2"]
[WhiteElo "2149"]
[BlackElo "2070"]
[PlyCount "102"]
[EventDate "2019.11.01"]
[EventType "team"]
[EventRounds "11"]
[EventCountry "SRB"]
[WhiteTeam "SK Senta Senta"]
[BlackTeam "SK Mladenovo Mladenovo"]

1. d4 Nf6 2. c4 c5 3. Nf3 cxd4 4. Nxd4 e6 5. g3 d6 6. Bg2 Be7 7. O-O O-O 8. Nc3
a6 9. b3 Qc7 10. Qd2 Nc6 11. Bb2 Rd8 12. Rac1 Nxd4 13. Qxd4 Bd7 14. Rfd1 Rac8
15. Rd2 Ne8 16. Ne4 Bc6 17. Qe3 h6 18. Bd4 Qb8 19. Bb6 Rd7 20. Rcd1 Bxe4 21.
Bxe4 Bd8 22. Ba7 Qc7 23. Bd4 Bf6 24. Bb6 Qb8 25. a4 Bd8 26. Ba7 Qc7 27. Bd4 b6
28. b4 Qb8 29. Bd3 Qb7 30. Rb1 e5 31. Ba1 Bg5 32. f4 exf4 33. gxf4 Re7 34. Qf2
Bf6 35. Qg2 Bxa1 36. Rxa1 Qc7 37. Kh1 a5 38. Rb2 axb4 39. Rxb4 Qc5 40. Rab1 Ra7
41. Rxb6 Rxa4 42. Qf3 Ra7 43. Kg2 Re7 44. Rb8 Rxb8 45. Rxb8 Kf8 46. Qd5 Qc7 47.
Ra8 Qb6 48. Rc8 g5 49. fxg5 Re5 50. Qc6 Qxc6+ 51. Rxc6 hxg5  1/2-1/2

[Event "DRUGA LIGA SRBIJE-GRUPA VOJVODINA-2019."]
[Site "Kovacica"]
[Date "2019.11.04"]
[Round "5"]
[Board "1"]
[White "Dedebas, Emre Emin"]
[Black "Czebe, Attila"]
[Result "1/2-1/2"]
[WhiteElo "2345"]
[BlackElo "2368"]
[PlyCount "20"]
[EventDate "2019.11.01"]
[EventType "team"]
[EventRounds "11"]
[EventCountry "SRB"]
[WhiteTeam "SK Vojvodina Novi Sad"]
[BlackTeam "Somborski SK Sombor"]

1. c4 Nf6 2. g3 g6 3. Bg2 Bg7 4. Nc3 O-O 5. d4 d6 6. e3 c5 7. Nge2 Nc6 8. O-O
cxd4 9. Nxd4 Bd7 10. b3 a6  1/2-1/2

[Event "DRUGA LIGA SRBIJE-GRUPA VOJVODINA-2019."]
[Site "Kovacica"]
[Date "2019.11.04"]
[Round "5"]
[Board "2"]
[White "Bulajic, Ratko"]
[Black "Savanovic, Vuk"]
[Result "1/2-1/2"]
[WhiteElo "2299"]
[BlackElo "2250"]
[PlyCount "20"]
[EventDate "2019.11.01"]
[EventType "team"]
[EventRounds "11"]
[EventCountry "SRB"]
[WhiteTeam "Somborski SK Sombor"]
[BlackTeam "SK Vojvodina Novi Sad"]

1. d4 Nf6 2. c4 c5 3. dxc5 e6 4. Nc3 Bxc5 5. Nf3 O-O 6. e3 Nc6 7. Be2 a6 8. O-O
d5 9. cxd5 exd5 10. a3 d4  1/2-1/2

[Event "DRUGA LIGA SRBIJE-GRUPA VOJVODINA-2019."]
[Site "Kovacica"]
[Date "2019.11.04"]
[Round "5"]
[Board "5"]
[White "Ilincic, Aleksa"]
[Black "Tokovic, Svetozar"]
[Result "1/2-1/2"]
[WhiteElo "2168"]
[BlackElo "2227"]
[PlyCount "21"]
[EventDate "2019.11.01"]
[EventType "team"]
[EventRounds "11"]
[EventCountry "SRB"]
[WhiteTeam "SK Vojvodina Novi Sad"]
[BlackTeam "Somborski SK Sombor"]

1. b3 d5 2. Bb2 e6 3. f4 c5 4. Nf3 Nc6 5. e3 a6 6. g3 Nf6 7. Bg2 Be7 8. O-O O-O
9. d3 b5 10. e4 dxe4 11. Ng5  1/2-1/2

[Event "DRUGA LIGA SRBIJE-GRUPA VOJVODINA-2019."]
[Site "Kovacica"]
[Date "2019.11.04"]
[Round "5"]
[Board "1"]
[White "Bokros, Albert"]
[Black "Pastar, Slaven"]
[Result "1-0"]
[WhiteElo "2471"]
[BlackElo "2280"]
[PlyCount "105"]
[EventDate "2019.11.01"]
[EventType "team"]
[EventRounds "11"]
[EventCountry "SRB"]
[WhiteTeam "SK Krajina Krajisnik"]
[BlackTeam "SK Bata Cosic Opovo"]

1. e4 e5 2. Nf3 Nc6 3. Bb5 Nf6 4. d3 Bc5 5. c3 O-O 6. O-O d6 7. Bg5 h6 8. Bh4
g5 9. Bg3 Bg4 10. Nbd2 Nh5 11. Bxc6 bxc6 12. Qa4 Rb8 13. d4 exd4 14. cxd4 Rb4
15. Qa5 Rb5 16. Qc3 Bb6 17. a4 Ba5 18. Qxc6 Rxb2 19. Nc4 Rc2 20. Rac1 Rxc1 21.
Rxc1 Bb4 22. Ne3 Bxf3 23. gxf3 Bd2 24. Rc2 Bxe3 25. fxe3 Nxg3 26. hxg3 Qb8 27.
Qb5 Qc8 28. g4 Re8 29. Kg2 Re6 30. Qc6 h5 31. gxh5 g4 32. f4 Qb8 33. Qxc7 Qb1
34. Qd8+ Kh7 35. Qc7 Kg8 36. e5 dxe5 37. fxe5 Rb6 38. Qc8+ Kg7 39. Qxg4+ Rg6
40. hxg6 Qxc2+ 41. Kg3 fxg6 42. Qf4 Qxa4 43. Qf6+ Kh7 44. e6 Qd1 45. Qf7+ Kh6
46. Qf8+ Kh7 47. e7 Qg1+ 48. Kf3 Qf1+ 49. Ke4 Qb1+ 50. Ke5 Qb5+ 51. d5 Qb2+ 52.
Ke6 Qb6+ 53. Kf7  1-0

[Event "DRUGA LIGA SRBIJE-GRUPA VOJVODINA-2019."]
[Site "Kovacica"]
[Date "2019.11.04"]
[Round "5"]
[Board "3"]
[White "Levnajic, Pavle"]
[Black "Jovanovski, Slobodan"]
[Result "1-0"]
[WhiteElo "2217"]
[BlackElo "2298"]
[PlyCount "57"]
[EventDate "2019.11.01"]
[EventType "team"]
[EventRounds "11"]
[EventCountry "SRB"]
[WhiteTeam "SK Krajina Krajisnik"]
[BlackTeam "SK Bata Cosic Opovo"]

1. c4 c5 2. Nf3 Nf6 3. Nc3 g6 4. d4 cxd4 5. Nxd4 d6 6. g3 Nc6 7. Nc2 Bg7 8. Bg2
O-O 9. O-O a6 10. b3 Rb8 11. Bb2 Be6 12. Rb1 Qd7 13. Nd5 Ne8 14. Nf4 Bf5 15.
Bxg7 Nxg7 16. Rc1 Qd8 17. Ne3 Bd7 18. c5 dxc5 19. Rxc5 Qb6 20. Rc3 Qa5 21. b4
Qc7 22. a4 Rfd8 23. b5 axb5 24. axb5 Qa5 25. bxc6 Qxc3 26. Nfd5 Qc5 27. c7 Ne6
28. cxb8=Q Rxb8 29. Nf6+  1-0

[Event "DRUGA LIGA SRBIJE-GRUPA VOJVODINA-2019."]
[Site "Kovacica"]
[Date "2019.11.04"]
[Round "5"]
[Board "4"]
[White "Kosanovic, Dragan"]
[Black "Strbac, Mladen"]
[Result "1-0"]
[WhiteElo "2280"]
[BlackElo "2292"]
[PlyCount "71"]
[EventDate "2019.11.01"]
[EventType "team"]
[EventRounds "11"]
[EventCountry "SRB"]
[WhiteTeam "SK Bata Cosic Opovo"]
[BlackTeam "SK Krajina Krajisnik"]

1. c4 d6 2. d4 e5 3. Nf3 e4 4. Ng5 f5 5. Nc3 Be7 6. Nh3 Nf6 7. g3 c6 8. d5 Na6
9. Bg2 Nc7 10. O-O cxd5 11. cxd5 b5 12. f3 exf3 13. exf3 O-O 14. Qb3 Nd7 15.
Be3 a5 16. a4 b4 17. Nb5 Na6 18. Rac1 Kh8 19. Nf4 Ndc5 20. Qd1 Bd7 21. b3 Qb8
22. Nd4 Bf6 23. Re1 Re8 24. Nh5 Qd8 25. Bf1 Qe7 26. Bc4 Qf8 27. Nxf6 Qxf6 28.
Qd2 h6 29. Nc6 Bxc6 30. dxc6 Nc7 31. Bd4 Qg5 32. Qxg5 hxg5 33. Bf7 Nd3 34.
Rxe8+ Nxe8 35. Rd1 Ne5 36. Bxe5  1-0

[Event "DRUGA LIGA SRBIJE-GRUPA VOJVODINA-2019."]
[Site "Kovacica"]
[Date "2019.11.04"]
[Round "5"]
[Board "5"]
[White "Perisic, Radivoj"]
[Black "Milojevic, Dusan"]
[Result "0-1"]
[WhiteElo "2223"]
[BlackElo "2244"]
[PlyCount "130"]
[EventDate "2019.11.01"]
[EventType "team"]
[EventRounds "11"]
[EventCountry "SRB"]
[WhiteTeam "SK Krajina Krajisnik"]
[BlackTeam "SK Bata Cosic Opovo"]

1. e4 d5 2. exd5 Nf6 3. d4 Bg4 4. Be2 Bxe2 5. Qxe2 Qxd5 6. Nf3 e6 7. O-O Bd6 8.
c4 Qh5 9. h3 O-O 10. Nc3 c6 11. Ne4 Nxe4 12. Qxe4 Nd7 13. Rd1 Rfe8 14. Bf4 Nf6
15. Qe3 Bxf4 16. Qxf4 Rad8 17. b3 Re7 18. Rd2 Qa5 19. Rad1 h6 20. g4 Qc7 21.
Qe3 Nh7 22. Kh1 Nf8 23. Kg2 Ng6 24. Ne5 Nh4+ 25. Kh1 g5 26. Nd3 Rxd4 27. Nc5
Rxd2 28. Qxd2 b6 29. Qd8+ Qxd8 30. Rxd8+ Kg7 31. Ne4 Ng6 32. c5 bxc5 33. Rd6
Ne5 34. Nxc5 Re8 35. Nd3 Nxd3 36. Rxd3 Re7 37. Rc3 Rc7 38. Rc5 Kf6 39. Kg2 Ke7
40. Kf3 Kd6 41. Rc2 f5 42. Ke3 Kd5 43. Rd2+ Ke5 44. Rc2 f4+ 45. Kf3 Kd4 46.
Rd2+ Kc5 47. Ke4 Kb4 48. Ke5 Kc3 49. Rd8 c5 50. Kd6 Rh7 51. Kxc5 h5 52. Rg8
hxg4 53. hxg4 Kd3 54. Rxg5 Ke2 55. Re5+ Kxf2 56. Rxe6 Rg7 57. b4 f3 58. a4 Rg5+
59. Kc6 Rxg4 60. Kc5 Kg2 61. a5 f2 62. Rf6 a6 63. Kb6 f1=Q 64. Rxf1 Rg6+ 65.
Kc5 Kxf1  0-1

[Event "DRUGA LIGA SRBIJE-GRUPA VOJVODINA-2019."]
[Site "Kovacica"]
[Date "2019.11.04"]
[Round "5"]
[Board "6"]
[White "Joksimovic, Dragoljub"]
[Black "Brajic, Djordje"]
[Result "1-0"]
[WhiteElo "2138"]
[BlackElo "2206"]
[PlyCount "73"]
[EventDate "2019.11.01"]
[EventType "team"]
[EventRounds "11"]
[EventCountry "SRB"]
[WhiteTeam "SK Bata Cosic Opovo"]
[BlackTeam "SK Krajina Krajisnik"]

1. c4 e5 2. Nc3 Nc6 3. g3 g6 4. Bg2 Bg7 5. e3 d6 6. Nge2 Nge7 7. O-O Be6 8. b3
f5 9. d4 exd4 10. exd4 Bc8 11. Bg5 O-O 12. Qd2 Bf6 13. Rad1 a6 14. Rfe1 Kh8 15.
Bxf6+ Rxf6 16. Qg5 Qf8 17. Qd2 Rb8 18. Nf4 Rf7 19. Nfd5 Ng8 20. a4 Nd8 21. Re2
Ne6 22. Rde1 Ng7 23. Qg5 c6 24. Nf4 Rf6 25. d5 Bd7 26. Ne6 Qf7 27. Qf4 Ne8 28.
Ng5 Qg7 29. c5 Rc8 30. b4 h6 31. Ne6 Qf7 32. cxd6 cxd5 33. Nc5 Nxd6 34. Bxd5
Qg7 35. Bxg8 Kxg8 36. Nd5 g5 37. Nxf6+  1-0